000
00284nam a22001337a 4500
008
181016b xxu||||| |||| 00| 0 eng d
020
_a
9781878067173
041
_a
eng
080
_a
316
100
_a
50
101
_a
SOC
245
_a
Closer to Home
_c
Weise,E.R
942
_2
udc
_c
BK
999
_c
49894
_d
49894